Orientaciones filosóficas /

Guardado en:
Detalles Bibliográficos
Autor principal: Aguilar, Mariflor (autor)
Otros autores: Gutiérrez, Griselda (autor) (autor), Hierro, Graciela (autor) (autor)
Formato: Libro
Idioma:Español
Publicado: México : Ediciones Populares, 1983
Etiquetas: Agrega una etiqueta
Sin etiquetas, Sé el primero en etiquetar este registro!

MARC

LEADER 00000nam^a2200000^a^4500
001 000575356
005 20250521000000.0
009 20260310132407.378
037 |a Acervo Xavier Clavigero 
041 |a ESP 
091 |a FPA. 05190 
100 |a Aguilar, Mariflor  |e (autor) 
245 1 0 |a Orientaciones filosóficas / 
264 1 |a México :  |b Ediciones Populares,  |c 1983 
300 |a 17 p. 
336 |a texto  |b txt  |2 rdacontenido 
337 |a sin mediación  |b n  |2 rdamedio 
338 |a volumen  |b nc  |2 rdasoporte 
649 |a XX 
700 |a Gutiérrez, Griselda  |e (autor) 
700 |a Hierro, Graciela  |e (autor) 
910 |a Fondo José Ignacio Palencia Gómez S.J. 
920 |a Impresos - Libros 
930 |a Fondos Especiales 
905 |a 137 
901 |a 0500363176  |b IT2  |c ESL  |i D  |u 20250521 
902 |a https://opac.biblio.iteso.mx/vufind/Record/000575356